000 00970nam a2200277Ia 4500
003 OSt
005 20221005111142.0
006 a|||||r|||| 00| 0
007 ta
008 221004b |||||||| |||| 00| 0 hin d
020 _a8181432851 (hbk)
_c275
024 _a13578
037 _b341, 20/03/2014, Vani Prakashan
_cTextual
040 _aCRL
_cCRL
_bhin
041 _2hin
_ahin
082 _aO152,3N295x, P5.2
100 _aशिवप्रसाद सिंह
245 0 _aएक यात्रा सतह के नीचे
246 _aEk yātrā satah ke nīche
260 _aनई दिल्ली
_bवाणी प्रकाशन भारत
_c2005
300 _a305पृ0
_ccm.
490 _vभाग 2
650 _aहिन्दी साहित्य
942 _hO152,3N295x, P5.2
_cTEXL
_2cc
999 _c1020969
_d1020969